00310pab a2200121 454500008004000000100001400040245005800054260000900112300000900121362000900130650002000139773002900159180718b1988 xxu||||| |||| 00| 0 eng d aJha, J.K. aRole of social forestry in the uplifitment of tribals c1988 a5-10 aMar. aForests - India aTribal research Bulletin